[Event "SVK-chT 2324"]
[Site "Slovakia"]
[Date "2023.11.04"]
[Round "1.8"]
[White "Takacs, Laszlo"]
[Black "Budinsky, Martin"]
[Result "1-0"]
[WhiteElo "2226"]
[BlackElo "2017"]
[PlyCount "87"]
[EventDate "2023.11.04"]
[EventType "team-tourn"]
[EventRounds "11"]
[EventCountry "SVK"]
[SourceTitle "Mega2024 Update 01"]
[Source "Chessbase"]
[SourceDate "2023.11.12"]
[SourceVersion "1"]
[SourceVersionDate "2023.11.12"]
[SourceQuality "1"]
[WhiteTeam "Dunajska Streda"]
[BlackTeam "Levice"]
[WhiteTeamCountry "SVK"]
[BlackTeamCountry "SVK"]

1. e4 c5 2. Nf3 d6 3. d4 cxd4 4. Nxd4 Nf6 5. Nc3 Nc6 6. Bg5 e6 7. Qd3 a6 8. 0-0-0 h6 9. Nxc6 bxc6 10. Bh4 Qb6 11. e5 dxe5 12. Ne4 Be7 13. Nd6+ Kf8 14. Nxc8 Rxc8 15. Qxa6 Rb8 16. Qxb6 Rxb6 17. Bg3 e4 18. a4 Nd5 19. c3 Bg5+ 20. Kc2 Ke7 21. a5 Rb7 22. a6 Rd7 23. h4 Bf6 24. Re1 g6 25. Rxe4 Bg7 26. Bc4 Rhd8 27. Ra1 Nb6 28. Kb3 Ra7 29. Be2 c5 30. Bb5 f5 31. Re2 Kf7 32. Rae1 Re7 33. Bc6 g5 34. hxg5 hxg5 35. f4 g4 36. Bf2 Rc8 37. Bb7 Rcc7 38. Kc2 Re8 39. g3 Bf8 40. Kb1 Nc8 41. Bd5 exd5 42. Rxe8 Be7 43. a7 Nxa7 44. R8xe7+ 1-0

[Event "SVK-ch Amateurs"]
[Site "Liptovsky Jan"]
[Date "2023.06.18"]
[Round "8"]
[White "Fryc, Lukas"]
[Black "Budinsky, Martin"]
[Result "1/2-1/2"]
[WhiteElo "1827"]
[BlackElo "2025"]
[PlyCount "89"]
[EventDate "2023.06.15"]
[EventType "swiss"]
[EventRounds "8"]
[EventCountry "SVK"]
[SourceTitle "CBM 214 Extra"]
[Source "ChessBase"]
[SourceDate "2023.07.31"]
[SourceVersion "1"]
[SourceVersionDate "2023.07.31"]
[SourceQuality "1"]

1. c4 e5 2. Nc3 Nc6 3. Nf3 f5 4. d4 e4 5. Ne5 d6 6. Nxc6 bxc6 7. h4 Be7 8. e3 Bf6 9. g3 Ne7 10. Bd2 Rb8 11. Rb1 0-0 12. Qa4 Ra8 13. Ne2 Bd7 14. Qa3 Ng6 15. h5 Nh8 16. c5 Nf7 17. Nf4 d5 18. Ba5 Ng5 19. Qc3 Nf3+ 20. Kd1 Kf7 21. Kc2 g5 22. hxg6+ hxg6 23. Be2 Ng5 24. Rh6 Rh8 25. Rbh1 Rxh6 26. Rxh6 Ne6 27. Qe1 Bg7 28. Rh7 Ng5 29. Rh1 Be6 30. Qb4 Rb8 31. Qa4 Bd7 32. Ba6 Ne6 33. Rb1 g5 34. Nxe6 Kxe6 35. b4 f4 36. gxf4 gxf4 37. b5 Qh4 38. Be1 cxb5 39. Bxb5 Rxb5 40. Rxb5 fxe3 41. fxe3 Qxe1 42. Qa6+ Ke7 43. Rb3 Bg4 44. Qg6 Bd1+ 45. Kb2 1/2-1/2

[Event "SVK-ch Amateurs"]
[Site "Liptovsky Jan"]
[Date "2023.06.17"]
[Round "6"]
[White "Sokolovsky, Jakub"]
[Black "Budinsky, Martin"]
[Result "0-1"]
[WhiteElo "1855"]
[BlackElo "2025"]
[PlyCount "56"]
[EventDate "2023.06.15"]
[EventType "swiss"]
[EventRounds "8"]
[EventCountry "SVK"]
[SourceTitle "CBM 214 Extra"]
[Source "ChessBase"]
[SourceDate "2023.07.31"]
[SourceVersion "1"]
[SourceVersionDate "2023.07.31"]
[SourceQuality "1"]

1. e4 c5 2. Nf3 d6 3. d4 cxd4 4. Nxd4 Nf6 5. Nc3 a6 6. Bg5 e6 7. f4 Nbd7 8. Qf3 Be7 9. 0-0-0 Qc7 10. g4 b5 11. Bxf6 gxf6 12. f5 Ne5 13. Qh3 Bd7 14. fxe6 fxe6 15. Qh5+ Kd8 16. Bh3 Qc8 17. Rhf1 Kc7 18. Qh6 Qg8 19. Nf3 Nxf3 20. Rxf3 f5 21. Qd2 fxg4 22. Nd5+ exd5 23. Qa5+ Kb7 24. Rg3 Bg5+ 25. Kb1 gxh3 26. Rxd5 Qf7 27. a4 Bd8 28. Qc3 Qf1+ 0-1

[Event "SVK-chT2B 2122"]
[Site "Slovakia"]
[Date "2022.05.01"]
[Round "11.5"]
[White "Budinsky, Martin"]
[Black "Lasch, Miroslav"]
[Result "1/2-1/2"]
[WhiteElo "2016"]
[BlackElo "2034"]
[PlyCount "72"]
[EventDate "2021.10.16"]
[EventType "team-tourn"]
[EventRounds "11"]
[EventCountry "SVK"]
[SourceTitle "EXT 2023"]
[Source "ChessBase"]
[SourceDate "2022.10.05"]
[SourceVersion "1"]
[SourceVersionDate "2022.10.05"]
[SourceQuality "1"]
[WhiteTeam "Levice"]
[BlackTeam "Belusa"]
[WhiteTeamCountry "SVK"]
[BlackTeamCountry "SVK"]

1. e4 d5 2. exd5 Qxd5 3. Nc3 Qd6 4. d4 Nf6 5. Bc4 a6 6. a4 Nc6 7. Nge2 Bf5 8. Bf4 Qb4 9. Bb3 0-0-0 10. d5 Na5 11. Bd2 Nxb3 12. cxb3 Qg4 13. 0-0 Bd3 14. f3 Bxe2 15. Qxe2 Qh5 16. g4 Qg6 17. Qc4 e6 18. Bf4 Bd6 19. dxe6 Bxf4 20. Qxf4 fxe6 21. Rac1 Rd7 22. Qe3 Qd3 23. Qxe6 Re8 24. Qc4 Qxc4 25. bxc4 Rd2 26. Rf2 Rd3 27. Kg2 Ree3 28. Rcc2 a5 29. Rce2 Nd7 30. Rxe3 Rxe3 31. Re2 Rxe2+ 32. Nxe2 Nc5 33. f4 Nxa4 34. b3 Nc5 35. Nd4 Kd7 36. Kf3 Ne6 1/2-1/2

[Event "SVK-chT2B 2122"]
[Site "Slovakia"]
[Date "2022.03.05"]
[Round "5.4"]
[White "Budinsky, Martin"]
[Black "Mederly, Jan"]
[Result "1/2-1/2"]
[WhiteElo "2016"]
[BlackElo "1413"]
[PlyCount "63"]
[EventDate "2021.10.16"]
[EventType "team-tourn"]
[EventRounds "11"]
[EventCountry "SVK"]
[SourceTitle "EXT 2023"]
[Source "ChessBase"]
[SourceDate "2022.10.05"]
[SourceVersion "1"]
[SourceVersionDate "2022.10.05"]
[SourceQuality "1"]
[WhiteTeam "Levice"]
[BlackTeam "Levice II"]
[WhiteTeamCountry "SVK"]
[BlackTeamCountry "SVK"]

1. e4 c5 2. Nf3 Nc6 3. Bc4 e6 4. 0-0 d5 5. exd5 exd5 6. Re1+ Be7 7. Bb5 Nf6 8. h3 0-0 9. d4 a6 10. Bf1 Qb6 11. c3 Bf5 12. b3 Rfe8 13. Be3 Rad8 14. Nbd2 Ne4 15. Qc1 cxd4 16. Nxd4 Nxd4 17. Bxd4 Bc5 18. Nf3 Rc8 19. Qf4 Bg6 20. Rac1 Bxd4 21. cxd4 Qa5 22. Re2 f6 23. Nh4 Nc3 24. Rxe8+ Rxe8 25. Nxg6 hxg6 26. Qg4 Kf7 27. Qf3 Ne4 28. Bd3 Qxa2 29. Rc7+ Kg8 30. Rxb7 Qa1+ 31. Kh2 Qxd4 32. Bxe4 1/2-1/2

[Event "SVK-chT2C 1920"]
[Site "Slovakia"]
[Date "2020.02.15"]
[Round "8.4"]
[White "Koltanyi, Imre"]
[Black "Budinsky, Martin"]
[Result "0-1"]
[WhiteElo "1950"]
[BlackElo "2028"]
[PlyCount "73"]
[EventDate "2019.10.26"]
[EventType "team-tourn"]
[EventRounds "11"]
[EventCountry "SVK"]
[SourceTitle "CBM 195 Extra"]
[Source "ChessBase"]
[SourceDate "2020.05.31"]
[SourceVersion "1"]
[SourceVersionDate "2020.05.31"]
[SourceQuality "1"]
[WhiteTeam "Vinica"]
[BlackTeam "Banska Bystrica Veza"]
[WhiteTeamCountry "SVK"]
[BlackTeamCountry "SVK"]

1. e4 c5 2. f4 d5 3. exd5 Nf6 4. Bb5+ Bd7 5. Bxd7+ Qxd7 6. c4 e6 7. dxe6 Qxe6+ 8. Qe2 Qxe2+ 9. Nxe2 Nc6 10. a3 Na5 11. Nbc3 0-0-0 12. d4 Nb3 13. Rb1 cxd4 14. Nd5 Nxd5 15. cxd5 Rxd5 16. Bd2 Bd6 17. Rf1 Re8 18. Kd1 a5 19. Rf3 a4 20. Rd3 Bc7 21. g3 Rd7 22. Nc1 Nc5 23. Rf3 d3 24. b4 axb3 25. Nxb3 Ne4 26. Rc1 Kd8 27. Rc4 Bb6 28. Be1 f5 29. a4 Re6 30. a5 d2 31. Bxd2 Nxd2 32. Nxd2 Bxa5 33. Rf2 Red6 34. Rc2 Rxd2+ 35. Rcxd2 Rxd2+ 36. Rxd2+ Bxd2 37. Kxd2 0-1

[Event "SVK-chT2C 1819"]
[Site "Slovakia"]
[Date "2018.12.15"]
[Round "5.8"]
[White "Uhrincat, Ivan"]
[Black "Budinsky, Martin"]
[Result "1-0"]
[WhiteElo "1950"]
[BlackElo "1989"]
[PlyCount "79"]
[EventDate "2018.10.13"]
[EventType "team-tourn"]
[EventRounds "11"]
[EventCountry "SVK"]
[SourceTitle "CBM 189 Extra"]
[Source "ChessBase"]
[SourceDate "2019.06.03"]
[SourceVersion "1"]
[SourceVersionDate "2019.06.03"]
[SourceQuality "1"]
[WhiteTeam "Banska Bystrica Kurta"]
[BlackTeam "Banska Bystrica Veza"]
[WhiteTeamCountry "SVK"]
[BlackTeamCountry "SVK"]

1. d4 Nf6 2. c4 e6 3. Nc3 Bb4 4. e3 0-0 5. Nge2 b6 6. a3 Bxc3+ 7. Nxc3 d5 8. Bd3 Bb7 9. 0-0 c5 10. b4 dxc4 11. Bxc4 cxb4 12. axb4 Qc7 13. Qe2 Rc8 14. Bd3 Qxc3 15. Bd2 Qc7 16. Rfc1 Qd8 17. Rxc8 Qxc8 18. Rc1 Qd8 19. b5 Nbd7 20. e4 h6 21. e5 Nd5 22. Qe4 Nf8 23. Qg4 Kh8 24. h4 Qd7 25. Ra1 f5 26. exf6 Nxf6 27. Qf4 Nd5 28. Qg3 Qc7 29. Qg4 Nf6 30. Qe2 Qd6 31. Ra4 Bd5 32. g4 Qe7 33. g5 hxg5 34. hxg5 N6d7 35. Qh5+ Kg8 36. Bb4 Qf7 37. Bh7+ Nxh7 38. g6 Qxg6+ 39. Qxg6 Rc8 40. Bd2 1-0

[Event "Banska Stiavnica V4 op"]
[Site "Banska Stiavnica"]
[Date "2018.07.11"]
[Round "5"]
[White "Komlosi, Frantisek"]
[Black "Budinsky, Martin"]
[Result "0-1"]
[WhiteElo "1861"]
[BlackElo "1985"]
[PlyCount "92"]
[EventDate "2018.07.07"]
[EventType "swiss"]
[EventRounds "9"]
[EventCountry "SVK"]
[SourceTitle "CBM 185 Extra"]
[Source "ChessBase"]
[SourceDate "2018.07.29"]
[SourceVersion "1"]
[SourceVersionDate "2018.07.29"]
[SourceQuality "1"]

1. d4 Nf6 2. Nf3 e6 3. g3 b6 4. Bg2 Bb7 5. 0-0 Be7 6. c4 c5 7. e3 0-0 8. Nc3 a6 9. b3 Qc7 10. Bb2 d6 11. d5 exd5 12. cxd5 b5 13. Nh4 Re8 14. Nf5 Bf8 15. e4 Nbd7 16. Re1 g6 17. Nh4 Bg7 18. Qd2 Rac8 19. Rac1 Qb6 20. Nb1 a5 21. Na3 Ba6 22. h3 c4 23. Bd4 Nc5 24. bxc4 b4 25. Nb5 Bxb5 26. cxb5 Qxb5 27. Kh2 Qd3 28. Qxd3 Nxd3 29. Rxc8 Rxc8 30. Re2 Nc1 31. Rd2 a4 32. f4 b3 33. e5 Ne8 34. Be4 Nxa2 35. Bb2 Nc3 36. Bd3 dxe5 37. fxe5 Bh6 38. Rg2 Nxd5 39. Nf3 Bf8 40. Nd4 a3 41. Bxa3 Bxa3 42. e6 fxe6 43. Nxe6 b2 44. Rf2 Nef6 45. g4 Re8 46. Ng5 Re1 0-1

[Event "SVK-chT2C 1718"]
[Site "Slovakia"]
[Date "2018.03.18"]
[Round "11.5"]
[White "Stric, Dusan"]
[Black "Budinsky, Martin"]
[Result "0-1"]
[WhiteElo "2059"]
[BlackElo "2007"]
[PlyCount "86"]
[EventDate "2017.10.28"]
[EventType "team-tourn"]
[EventRounds "11"]
[EventCountry "SVK"]
[SourceTitle "EXT 2020"]
[Source "ChessBase"]
[SourceDate "2019.10.17"]
[SourceVersion "1"]
[SourceVersionDate "2019.10.17"]
[SourceQuality "1"]
[WhiteTeam "Liptov Chess School III"]
[BlackTeam "Banska Bystrica Veza"]
[WhiteTeamCountry "SVK"]
[BlackTeamCountry "SVK"]

1. c4 e5 2. Nc3 Nc6 3. g3 g6 4. Bg2 Bg7 5. e3 d6 6. Nge2 Be6 7. b3 Nge7 8. Bb2 Qd7 9. d4 exd4 10. exd4 Bh3 11. Bxh3 Qxh3 12. Nf4 Qd7 13. d5 Ne5 14. Qe2 0-0 15. 0-0 Nf5 16. f3 Rfe8 17. Qd2 Re7 18. Kg2 Rae8 19. Rae1 h5 20. Ne4 Nh6 21. Qc3 Nf5 22. Qd2 Nxf3 23. Kxf3 Bxb2 24. Qxb2 Nh4+ 25. Kf2 Rxe4 26. Rxe4 Rxe4 27. Qf6 Qg4 28. Qxh4 Rxf4+ 29. Kg1 Rxf1+ 30. Kxf1 Qxh4 31. gxh4 Kg7 32. Kf2 Kf6 33. Kf3 Ke5 34. Ke3 f6 35. a3 a5 36. b4 axb4 37. axb4 b5 38. Kd3 g5 39. hxg5 fxg5 40. cxb5 g4 41. b6 cxb6 42. Kc4 h4 43. Kb5 g3 0-1

[Event "Banska Stiavnica V4 op"]
[Site "Banska Stiavnica"]
[Date "2017.07.13"]
[Round "6"]
[White "Banas, Jan"]
[Black "Budinsky, Martin"]
[Result "1-0"]
[WhiteElo "2215"]
[BlackElo "1963"]
[PlyCount "79"]
[EventDate "2017.07.08"]
[EventType "swiss"]
[EventRounds "9"]
[EventCountry "SVK"]
[SourceTitle "CBM 179 Extra"]
[Source "ChessBase"]
[SourceDate "2017.08.23"]
[SourceVersion "1"]
[SourceVersionDate "2017.08.23"]
[SourceQuality "1"]

1. e4 c5 2. Nf3 d6 3. Bc4 Nf6 4. d3 Nc6 5. c3 e6 6. Bb3 Be7 7. 0-0 Qc7 8. Re1 a6 9. Nbd2 b5 10. Nf1 Bb7 11. a4 0-0 12. Ng3 Rfd8 13. h3 Na5 14. Bc2 Nd7 15. d4 cxd4 16. cxd4 Nc6 17. Bb1 Nb6 18. axb5 axb5 19. Rxa8 Rxa8 20. d5 exd5 21. exd5 Nb4 22. Nf5 Bf8 23. N5d4 N6xd5 24. Nxb5 Qc5 25. Nbd4 g6 26. Bg5 Bg7 27. Qd2 Rc8 28. Bh6 Nf6 29. Bxg7 Kxg7 30. Nf5+ Kh8 31. Nxd6 Rc7 32. Nxb7 Rxb7 33. Qh6 Rc7 34. Ng5 Kg8 35. Ne4 Nxe4 36. Bxe4 Rc8 37. Qd2 Re8 38. Rc1 Qb5 39. Bf3 Nd3 40. Bc6 1-0

[Event "SVK-chT U18 final"]
[Site "Banska Bystrica"]
[Date "2017.05.07"]
[Round "5.3"]
[White "Joba, Arpad"]
[Black "Budinsky, Martin"]
[Result "1/2-1/2"]
[WhiteElo "2087"]
[BlackElo "1986"]
[PlyCount "88"]
[EventDate "2017.05.05"]
[EventType "team-tourn"]
[EventRounds "5"]
[EventCountry "SVK"]
[SourceTitle "CBM 178 Extra"]
[Source "ChessBase"]
[SourceDate "2017.06.22"]
[SourceVersion "1"]
[SourceVersionDate "2017.06.22"]
[SourceQuality "1"]
[WhiteTeam "Komarno KSC"]
[BlackTeam "Banska Bystrica Junior"]
[WhiteTeamCountry "SVK"]
[BlackTeamCountry "SVK"]

1. e4 e5 2. Nf3 Nc6 3. Bb5 a6 4. Ba4 Nf6 5. 0-0 Be7 6. Re1 b5 7. Bb3 d6 8. c3 0-0 9. h3 Nb8 10. d4 Nbd7 11. Nbd2 Bb7 12. Bc2 Re8 13. d5 c6 14. dxc6 Bxc6 15. Nf1 Bf8 16. Ng3 g6 17. Bg5 h6 18. Be3 Qc7 19. Qd2 Kh7 20. Rad1 Rad8 21. Qe2 Qb7 22. Nd2 d5 23. exd5 Bxd5 24. f3 Nc5 25. Bxc5 Bxc5+ 26. Kh1 Bf8 27. Nde4 Nxe4 28. Bxe4 f5 29. Bxd5 Rxd5 30. Rxd5 Qxd5 31. a3 h5 32. Rd1 Qe6 33. Qd2 h4 34. Ne2 Bh6 35. Qd7+ Re7 36. Qxe6 Rxe6 37. Rd7+ Kg8 38. Kg1 Bf8 39. Kf1 Be7 40. f4 Bd6 41. fxe5 Bxe5 42. Nd4 Rd6 43. Rxd6 Bxd6 44. Ke2 Kf7 1/2-1/2

[Event "SVK-ch U18/20"]
[Site "Liptovsky Mikulas"]
[Date "2017.04.28"]
[Round "9"]
[White "Budinsky, Martin"]
[Black "Joba, Arpad"]
[Result "1/2-1/2"]
[WhiteElo "2018"]
[BlackElo "2037"]
[PlyCount "129"]
[EventDate "2017.04.22"]
[EventType "swiss"]
[EventRounds "9"]
[EventCountry "SVK"]
[SourceTitle "CBM 178 Extra"]
[Source "ChessBase"]
[SourceDate "2017.06.22"]
[SourceVersion "1"]
[SourceVersionDate "2017.06.22"]
[SourceQuality "1"]

1. e4 c5 2. Nc3 a6 3. g3 b5 4. Bg2 Bb7 5. Nge2 Nf6 6. d3 e6 7. 0-0 d5 8. exd5 Nxd5 9. Ne4 Nc6 10. d4 cxd4 11. Nxd4 Nxd4 12. Qxd4 Rc8 13. Re1 Nb4 14. Nd6+ Qxd6 15. Qxd6 Bxd6 16. Bxb7 Rc7 17. Be4 Nxc2 18. Bxc2 Rxc2 19. b3 Bb4 20. Rd1 Bc5 21. Rd2 Rxd2 22. Bxd2 Bd4 23. Rd1 e5 24. Kf1 Ke7 25. Rc1 Kd7 26. Rd1 Kc7 27. Ba5+ Kb7 28. f4 Kc6 29. Rc1+ Kd5 30. fxe5 Bxe5 31. Ke2 Re8 32. Kd3 g6 33. Bb6 Bd6 34. Be3 Re7 35. Rc8 Bc7 36. Ra8 a5 37. Bd2 b4 38. Ra6 Kc5 39. Be3+ Kb5 40. Rf6 Bd8 41. Rd6 Bc7 42. Rd5+ Kc6 43. Rc5+ Kb7 44. Rb5+ Kc6 45. Rc5+ Kd6 46. Rc4 Kd7 47. Rd4+ Kc6 48. Rc4+ Kb7 49. Rc1 f5 50. Rc4 Bd8 51. Bd2 Bb6 52. Rc1 Rd7+ 53. Ke2 Rc7 54. Rxc7+ Kxc7 55. Bf4+ Kc6 56. Kd3 Kd5 57. h3 Bd8 58. h4 Bb6 59. Bb8 h5 60. Bf4 Bd8 61. Ke3 Bb6+ 62. Kd3 Bd4 63. Bd2 Be5 64. Bf4 Bxf4 65. gxf4 1/2-1/2

[Event "SVK-ch U18/20"]
[Site "Liptovsky Mikulas"]
[Date "2017.04.23"]
[Round "3"]
[White "Budinsky, Martin"]
[Black "Molnar, Erno"]
[Result "1/2-1/2"]
[WhiteElo "2018"]
[BlackElo "2212"]
[PlyCount "59"]
[EventDate "2017.04.22"]
[EventType "swiss"]
[EventRounds "9"]
[EventCountry "SVK"]
[SourceTitle "CBM 178 Extra"]
[Source "ChessBase"]
[SourceDate "2017.06.22"]
[SourceVersion "1"]
[SourceVersionDate "2017.06.22"]
[SourceQuality "1"]

1. e4 e5 2. Nf3 Nc6 3. Bb5 a6 4. Ba4 Nf6 5. 0-0 Be7 6. Re1 b5 7. Bb3 0-0 8. a4 b4 9. c3 bxc3 10. bxc3 d6 11. h3 Na5 12. Bc2 c5 13. d4 Qc7 14. Nbd2 Bd7 15. Nf1 Rfe8 16. Ng3 h6 17. d5 Bf8 18. Nh2 g6 19. f4 exf4 20. Bxf4 Nc4 21. Qf3 Nh7 22. Rf1 g5 23. Bc1 Ne5 24. Qh5 Bg7 25. Nf5 Bxf5 26. Rxf5 Re7 27. h4 f6 28. Ng4 Nxg4 29. Qxg4 Nf8 30. Bd2 1/2-1/2

[Event "SVK-chT2C 1617"]
[Site "Slovakia"]
[Date "2017.01.21"]
[Round "7.3"]
[White "Sahidi, Samir"]
[Black "Budinsky, Martin"]
[Result "1-0"]
[WhiteElo "2239"]
[BlackElo "2021"]
[PlyCount "99"]
[EventDate "2016.10.08"]
[EventType "team-tourn"]
[EventRounds "11"]
[EventCountry "SVK"]
[SourceTitle "EXT 2018"]
[Source "ChessBase"]
[SourceDate "2017.10.13"]
[SourceVersion "1"]
[SourceVersionDate "2017.10.13"]
[SourceQuality "1"]
[WhiteTeam "Cebovce"]
[BlackTeam "Banska Bystrica Veza"]
[WhiteTeamCountry "SVK"]
[BlackTeamCountry "SVK"]

1. e4 e5 2. Nf3 Nc6 3. Bb5 a6 4. Ba4 Nf6 5. d3 b5 6. Bb3 Be7 7. 0-0 d6 8. c3 Na5 9. Bc2 c5 10. Re1 0-0 11. Nbd2 Re8 12. Nf1 Bf8 13. Bg5 h6 14. Bxf6 Qxf6 15. Ne3 g6 16. a3 Nc6 17. Bb3 Bg7 18. Bd5 Bb7 19. a4 Qe7 20. Qb3 Na5 21. Qa2 Rf8 22. Bxb7 Qxb7 23. Qd5 Qd7 24. Ra2 Nc6 25. axb5 Ne7 26. Qb3 axb5 27. Rea1 Rxa2 28. Qxa2 Nc6 29. Nd5 Rb8 30. h3 b4 31. Nd2 Rb7 32. Nc4 Ra7 33. Qb1 bxc3 34. bxc3 Rxa1 35. Qxa1 Ne7 36. Qa8+ Kh7 37. Ncb6 Qe6 38. Qe8 Nxd5 39. Qxe6 fxe6 40. exd5 exd5 41. Nxd5 g5 42. g4 Kg6 43. c4 Kf7 44. Kg2 Ke6 45. Kf3 Kd7 46. Ne3 Bf8 47. Ke4 Ke6 48. Nf5 Kd7 49. Kd5 Be7 50. Nxh6 1-0

[Event "Banska Stiavnica V4 op"]
[Site "Banska Stiavnica"]
[Date "2016.07.09"]
[Round "8"]
[White "Toma, Rudolf"]
[Black "Budinsky, Martin"]
[Result "1/2-1/2"]
[WhiteElo "2053"]
[BlackElo "1922"]
[PlyCount "144"]
[EventDate "2016.07.02"]
[EventType "swiss"]
[EventRounds "9"]
[EventCountry "SVK"]
[SourceTitle "CBM 173 Extra"]
[Source "ChessBase"]
[SourceDate "2016.08.29"]
[SourceVersion "1"]
[SourceVersionDate "2016.08.29"]
[SourceQuality "1"]

1. d4 Nf6 2. c4 g6 3. g3 d5 4. Bg2 Bg7 5. Nc3 c6 6. cxd5 Nxd5 7. Nxd5 cxd5 8. e3 0-0 9. Qb3 e6 10. Bd2 Nc6 11. Rc1 Qb6 12. Qxb6 axb6 13. a3 Bd7 14. Nf3 Rfc8 15. 0-0 Na5 16. Rxc8+ Rxc8 17. Rc1 Nc4 18. Bc3 Bf8 19. Ne5 Nxe5 20. dxe5 b5 21. Rd1 Bxa3 22. e4 Bf8 23. exd5 exd5 24. Bxd5 Bc6 25. Bb3 b4 26. Bd4 Rd8 27. e6 Bd5 28. Bb6 Rd6 29. Rxd5 Rxb6 30. exf7+ Kg7 31. Rd7 Rd6 32. Rxd6 Bxd6 33. Bd5 b6 34. b3 g5 35. h3 h6 36. Kg2 Bc5 37. f4 gxf4 38. gxf4 Bd6 39. Kg3 Bc5 40. Kg4 Kf6 41. Kh5 Bf8 42. Bc4 Bg7 43. Kg4 Bf8 44. Kf3 Bc5 45. Ke4 Bf8 46. f5 Bc5 47. Be6 Bf8 48. Kd5 Bc5 49. Kc6 Ke7 50. Kc7 Kf8 51. Kd7 Bd4 52. Bd5 Bc5 53. Bc4 Be7 54. Ke6 Bc5 55. Ke5 Be7 56. Bd5 Bc5 57. Kf6 Bd4+ 58. Kg6 Be3 59. h4 Bd2 60. h5 Be3 61. Kf6 Bd4+ 62. Kg6 Be3 63. Bc4 Bd2 64. Kf6 Be3 65. Ke5 Bc5 66. Be6 Be7 67. f6 Bc5 68. Kd5 Be3 69. Kc4 Bc5 70. Kb5 Bd4 71. Kxb4 Bxf6 72. Kc4 Bh4 1/2-1/2

[Event "Banska Stiavnica V4 op"]
[Site "Banska Stiavnica"]
[Date "2016.07.02"]
[Round "1"]
[White "Budinsky, Martin"]
[Black "Kavon, Rastislav"]
[Result "0-1"]
[WhiteElo "1922"]
[BlackElo "2241"]
[PlyCount "136"]
[EventDate "2016.07.02"]
[EventType "swiss"]
[EventRounds "9"]
[EventCountry "SVK"]
[SourceTitle "CBM 173 Extra"]
[Source "ChessBase"]
[SourceDate "2016.08.29"]
[SourceVersion "1"]
[SourceVersionDate "2016.08.29"]
[SourceQuality "1"]

1. e4 c5 2. Nc3 Nc6 3. g3 g6 4. Bg2 Bg7 5. d3 e6 6. Be3 d6 7. Qd2 Nge7 8. Bh6 0-0 9. Bxg7 Kxg7 10. Nge2 Rb8 11. h4 h6 12. 0-0 b5 13. f4 b4 14. Nd1 d5 15. e5 Nf5 16. Ne3 Nce7 17. Ng4 h5 18. Ne3 Nxe3 19. Qxe3 d4 20. Qd2 Nf5 21. Rfe1 Bb7 22. Bxb7 Rxb7 23. Kf2 Ne3 24. Ng1 Qd5 25. Nf3 Ng4+ 26. Kg2 Ne3+ 27. Kf2 Ng4+ 28. Kg2 Rb6 29. b3 Ra6 30. Qe2 Ne3+ 31. Kg1 Nxc2 32. Qxc2 Qxf3 33. Kh2 Rb8 34. Rf1 Qd5 35. Rf2 Ra3 36. Rc1 Rb5 37. Qe2 Rb8 38. Qc2 Ra5 39. Qe2 Rab5 40. Qd2 a5 41. Qe2 Ra8 42. Qc2 Qd7 43. Rd2 a4 44. bxa4 Rba5 45. Qb3 Qxa4 46. Qxa4 Rxa4 47. Rcc2 R8a5 48. Kg2 Ra3 49. Kf2 Rc3 50. Rb2 Raa3 51. Ke2 f6 52. Rb1 f5 53. Rbd1 Kf7 54. Rb1 Ke7 55. Rbd1 Kd7 56. Rb1 Kc6 57. Rbd1 Kb5 58. Kf2 Kc6 59. Ke2 Kd5 60. Kf2 c4 61. dxc4+ Rxc4 62. Re2 Rcc3 63. Red2 d3 64. Ke3 Kc4 65. Rb1 Rc2 66. Rb2 Rac3 67. Rb3 Rxd2 68. Kxd2 Rxb3 0-1

[Event "Banska Bystrica Regional Cup"]
[Site "Banska Bystrica"]
[Date "2016.05.07"]
[Round "3.3"]
[White "Budinsky, Martin"]
[Black "Jakubik, Matej"]
[Result "1/2-1/2"]
[WhiteElo "1935"]
[BlackElo "1837"]
[PlyCount "95"]
[EventDate "2016.05.06"]
[EventType "team-tourn"]
[EventRounds "5"]
[EventCountry "SVK"]
[SourceTitle "CBM 172 Extra"]
[Source "ChessBase"]
[SourceDate "2016.06.21"]
[SourceVersion "1"]
[SourceVersionDate "2016.06.21"]
[SourceQuality "1"]
[WhiteTeam "Banska Bystrica Junior"]
[BlackTeam "Presov Slavia"]
[WhiteTeamCountry "SVK"]
[BlackTeamCountry "SVK"]

1. e4 Nf6 2. e5 Nd5 3. d4 d6 4. Nf3 Bg4 5. exd6 exd6 6. Be2 Be7 7. 0-0 0-0 8. c4 Nb6 9. b3 Nc6 10. Be3 d5 11. c5 Nd7 12. Nc3 Nf6 13. h3 Bh5 14. Re1 Ne4 15. Rc1 f5 16. g3 Kh8 17. a3 a5 18. Nb5 Qd7 19. Bf4 Rac8 20. Kg2 Bf6 21. Ng1 Bxe2 22. Nxe2 Ne7 23. Nbc3 Ng6 24. Be3 Rce8 25. Qd3 c6 26. h4 f4 27. Nxf4 Nxf4+ 28. Bxf4 Qh3+ 29. Kg1 Qh1+ 30. Kxh1 Nxf2+ 31. Kg2 Nxd3 32. Rxe8 Rxe8 33. Rd1 Nxf4+ 34. gxf4 Re3 35. Na4 Bxh4 36. Nb6 Kg8 37. b4 Kf7 38. Nc8 axb4 39. axb4 Rb3 40. Nd6+ Ke6 41. Nxb7 Rxb4 42. Na5 Kd7 43. Kf3 Bf6 44. Ke3 Ra4 45. Nb3 Ra3 46. Rd3 Ke6 47. Nc1 Rxd3+ 48. Nxd3 1/2-1/2

[Event "Banska Bystrica Regional Cup"]
[Site "Banska Bystrica"]
[Date "2016.05.06"]
[Round "1.3"]
[White "Budinsky, Martin"]
[Black "Brnusak, Tomas"]
[Result "1-0"]
[WhiteElo "1935"]
[BlackElo "1624"]
[PlyCount "79"]
[EventDate "2016.05.06"]
[EventType "team-tourn"]
[EventRounds "5"]
[EventCountry "SVK"]
[SourceTitle "CBM 172 Extra"]
[Source "ChessBase"]
[SourceDate "2016.06.21"]
[SourceVersion "1"]
[SourceVersionDate "2016.06.21"]
[SourceQuality "1"]
[WhiteTeam "Banska Bystrica Junior"]
[BlackTeam "Liptov Chess School"]
[WhiteTeamCountry "SVK"]
[BlackTeamCountry "SVK"]

1. e4 b6 2. d4 Bb7 3. Bd3 e6 4. Nf3 Nf6 5. e5 Nd5 6. 0-0 d6 7. Re1 Nd7 8. Be4 Rb8 9. c4 Ne7 10. Bxb7 Rxb7 11. Ng5 Rb8 12. exd6 cxd6 13. Qh5 Ng6 14. Nxe6 fxe6 15. Rxe6+ Kf7 16. Rxg6 hxg6 17. Qxh8 Qe7 18. Be3 Qe6 19. d5 Qg4 20. Nd2 Be7 21. Qh3 Qxh3 22. gxh3 Ne5 23. b3 Bf6 24. Rf1 Re8 25. Bf4 g5 26. Bg3 Ke7 27. Re1 Kd7 28. Kg2 Rf8 29. Ne4 Nd3 30. Re3 Ne5 31. Bxe5 dxe5 32. Kg3 Rh8 33. Rf3 Ke7 34. Rf5 Rh5 35. a3 a6 36. b4 Rh4 37. f3 Rf4 38. Rxf4 gxf4+ 39. Kg4 a5 40. Nxf6 1-0

[Event "SVK-ch op"]
[Site "Banska Stiavnica"]
[Date "2015.07.04"]
[Round "1"]
[White "Nayhebaver, Martin"]
[Black "Budinsky, Martin"]
[Result "1-0"]
[WhiteElo "2314"]
[BlackElo "1912"]
[PlyCount "69"]
[EventDate "2015.07.04"]
[EventType "swiss"]
[EventRounds "9"]
[EventCountry "SVK"]
[SourceTitle "CBM 167 Extra"]
[Source "ChessBase"]
[SourceDate "2015.09.14"]
[SourceVersion "1"]
[SourceVersionDate "2015.09.14"]
[SourceQuality "1"]

1. e4 e5 2. Nf3 Nf6 3. Nxe5 d6 4. Nf3 Nxe4 5. Nc3 Nxc3 6. dxc3 Be7 7. Bf4 Nc6 8. Qd2 Be6 9. 0-0-0 Qd7 10. Kb1 0-0 11. h4 Bf6 12. Ng5 Be5 13. Be3 a6 14. Bd3 Bf5 15. f4 Bf6 16. g4 Bxd3 17. Qxd3 g6 18. Ne4 Bg7 19. h5 Qxg4 20. Rdg1 Qd7 21. Ng5 Rfe8 22. Bd2 d5 23. Nxh7 Kxh7 24. hxg6+ Kg8 25. gxf7+ Qxf7 26. Rh7 Kf8 27. f5 Qf6 28. Qg3 Re2 29. Bh6 Re1+ 30. Qxe1 Bxh6 31. Rg6 Qxf5 32. Rhxh6 Kf7 33. Qg1 Ne7 34. Rg7+ Ke8 35. Rh8+ 1-0